2000's Grab Bag Quiz Stats

 Plays Quiz not verified by Sporcle

Score 0/83 Timer 10:00
0 Plays Today
% Correct
George W. Bush
93.2%
Bill Clinton
92.3%
Barack Obama
91.7%
New York Yankees
88.5%
New York Yankees
88.5%
Boston Red Sox
85.9%
Boston Red Sox
85.9%
New England Patriots
85%
New England Patriots
85%
New England Patriots
85%
Los Angeles Lakers
83.8%
Los Angeles Lakers
83.8%
Los Angeles Lakers
83.8%
Los Angeles Lakers
83.5%
New York Giants
77.1%
Pittsburgh Steelers
76.9%
Pittsburgh Steelers
76.9%
Tony Blair
74.8%
Miami Heat
69%
Boston Celtics
68.2%
Chicago White Sox
67.3%
Kim Jong-Il
65.8%
Indianapolis Colts
63.7%
St. Louis Cardinals
63.5%
Vladimir Putin
62%
Detroit Red Wings
61.3%
Detroit Red Wings
61.3%
San Antonio Spurs
59.4%
% Correct
San Antonio Spurs
59.2%
San Antonio Spurs
59.2%
Crash
58.1%
Hu Jintao
57.3%
Pittsburgh Penguins
56.6%
Baltimore Ravens
56.4%
St. Louis Rams
56.2%
Philadelphia Phillies
54.7%
Florida Marlins
53.2%
The Hurt Locker
53%
Arizona Diamondbacks
49.4%
Detroit Pistons
49.4%
Anaheim Angels
48.1%
Tampa Bay Buccaneers
47%
Gladiator
46.4%
Slumdog Millionaire
45.3%
Colorado Avalanche
42.3%
No Country for Old Men
41.9%
New Jersey Devils
41.9%
New Jersey Devils
41.9%
Anaheim Ducks
40.6%
Lord of the Rings: Return of the King
39.5%
Hugo Chavez
37%
Chicago
36.5%
The Departed
35%
Tampa Bay Lightning
34.6%
A Beautiful Mind
32.7%
Lost
32.3%
% Correct
Million Dollar Baby
31.8%
The Sopranos
30.8%
The Sopranos
30.6%
Carolina Hurricanes
29.5%
Mad Men
29.5%
The West Wing
29.3%
The West Wing
29.3%
The West Wing
29.3%
Mad Men
29.3%
The West Wing
29.1%
24
20.5%
Adele
17.3%
Serbia
12%
Montenegro
11.8%
Christina Aguilera
11.5%
Alicia Keys
11.5%
Carrie Underwood
10.7%
Norah Jones
10.3%
Timor-Leste
8.8%
Amy Winehouse
8.3%
Jean Chretien
7.5%
Maroon 5
4.5%
John Legend
4.1%
Switzerland
3.8%
Tuvalu
2.8%
Evanescence
2.1%
Shelby Lynne
0.6%

You're not logged in!

Compare scores with friends on all Sporcle quizzes.
OR
Log In

Show Comments

Extras

Created Nov 13, 2010SourceReportNominate
Tags:2000, bag

Top Quizzes Today


Score Distribution

Your Account Isn't Verified!

In order to create a playlist on Sporcle, you need to verify the email address you used during registration. Go to your Sporcle Settings to finish the process.

Report this User

Report this user for behavior that violates our Community Guidelines.

Details: